• 首页
  • 本馆介绍
  • 公告通知
  • 最新文献
  • 馆藏检索
  • 电子资源
  • 读者荐购
  • 参考咨询
  • CALIS
  • 我的图书馆
  • 登录
  • 详细信息显示
  • 放入我的书架
  • 预约/预借图书
  • 作者相关作品
  • 分类相关作品
  • 丛书相关作品
  • 出版社相关作品

书目信息

  • 表格格式
  • 工作单格式
  • 卡片格式
题名:
工作区
    
 
作者: ;贝思出版有限公司 汇编
分册:  
出版信息: 武汉   华中科技大学出版社  2008.06
页数: 223页
开本: 28cm
丛书名: 空间space
单 册:
中图分类: TU243
科图分类:
主题词: 办公室--ban gong shi--室内设计
电子资源:
ISBN: 978-7-5609-4587-3
 
 
 
 
 
000 01155nam 2200265 450
001 012008764816
005 20081221085250.12
010    @a978-7-5609-4587-3@b精装@dCNY226.00
100    @a20081221d2008 em y0chiy0120 ea
101 0  @achi@aeng
102    @aCN@b420000
105    @aa z 000yy
106    @ar
200 1  @a工作区@Agong zuo qu@d= Office@f贝思出版有限公司汇编@Fbei si chu ban you xian gong si hui bian@Feng
210    @a武汉@c华中科技大学出版社@d2008.06
215    @a223页@c图@d28cm
225 2  @a空间space@Akong jian space
330    @a本图集搜集了十数个欧美地区(美国、墨西哥、澳大利亚、荷兰等地)及十几个东南亚地区(印尼、日本、中国内地及香港和台湾地区等)的工作区设计案例。设计作品均为世界各地最有代表性的办公室空间设计,设计风格各异,并且所有项目皆由国际知名设计公司精心打造,读者不仅可从该书体味不同地域的设计风格差异,更能了解最新的工作区设计信息,把握时尚设计趋势。
410  0 @12001 @a空间space
510 1  @aOffice@zeng
606 0  @a办公室@Aban gong shi@x室内设计
690    @aTU243@v4
711 02 @a贝思出版有限公司@Abei si chu ban you xian gong si@4汇编
801  0 @aCN@bQSSK@c20081221
905    @b736188@dTU243@eB690@f1
    
    工作区= Office/贝思出版有限公司汇编.-武汉:华中科技大学出版社,2008.06
    223页:图;28cm.-(空间space)
    
    
    ISBN 978-7-5609-4587-3(精装):CNY226.00
    本图集搜集了十数个欧美地区(美国、墨西哥、澳大利亚、荷兰等地)及十几个东南亚地区(印尼、日本、中国内地及香港和台湾地区等)的工作区设计案例。设计作品均为世界各地最有代表性的办公室空间设计,设计风格各异,并且所有项目皆由国际知名设计公司精心打造,读者不仅可从该书体味不同地域的设计风格差异,更能了解最新的工作区设计信息,把握时尚设计趋势。
●
相关链接 在E读中查询图书 在当当中查询图书 在豆瓣中查询图书


正题名:工作区     索取号:TU243/B690         预约/预借

序号 登录号 条形码 馆藏地/架位号 状态 备注
1 736188   207361889   建筑库101/101建筑库 68排1列1层/ [索取号:TU243/B690] 在馆    
河南城建学院图书馆 欢迎您!
大连网信软件有限公司© 版权所有